आयुर्वेदीय शरीर क्रिया विज्ञानम् (Record no. 369621)
[ view plain ]
| 000 -LEADER | |
|---|---|
| fixed length control field | 00800nam a2200241Ia 4500 |
| 003 - CONTROL NUMBER IDENTIFIER | |
| control field | OSt |
| 005 - DATE AND TIME OF LATEST TRANSACTION | |
| control field | 20220923224147.0 |
| 008 - FIXED-LENGTH DATA ELEMENTS--GENERAL INFORMATION | |
| fixed length control field | 220922b |||||||| |||| 00| 0 hin d |
| 037 ## - SOURCE OF ACQUISITION | |
| Terms of availability | Textual |
| 040 ## - CATALOGING SOURCE | |
| Original cataloging agency | ARTS |
| Transcribing agency | ARTS |
| Language of cataloging | hin |
| 041 ## - LANGUAGE CODE | |
| Source of code | hin |
| Language code of text/sound track or separate title | hin |
| 100 ## - MAIN ENTRY--PERSONAL NAME | |
| Personal name | गौड़, शिवकुमार |
| 9 (RLIN) | 156272 |
| 245 #0 - TITLE STATEMENT | |
| Title | आयुर्वेदीय शरीर क्रिया विज्ञानम् |
| 246 ## - VARYING FORM OF TITLE | |
| Title proper/short title | Āyurvedīya sharīr kriyā vijnyānam |
| 260 ## - PUBLICATION, DISTRIBUTION, ETC. | |
| Place of publication, distribution, etc. | रोहतक |
| Name of publisher, distributor, etc. | नाथ पुस्तक भण्डार |
| Date of publication, distribution, etc. | 1973 |
| 300 ## - PHYSICAL DESCRIPTION | |
| Extent | 48पृ. |
| Dimensions | cm. |
| 942 ## - ADDED ENTRY ELEMENTS (KOHA) | |
| Classification part | L:3, 152N3 |
| Koha item type | Textual |
| Source of classification or shelving scheme | Colon Classification (CC) |
| Withdrawn status | Lost status | Damaged status | Not for loan | Home library | Current library | Date acquired | Total Checkouts | Full call number | Barcode | Date last seen | Date last checked out | Price effective from | Koha item type |
|---|---|---|---|---|---|---|---|---|---|---|---|---|---|
| Arts Library | Arts Library | 2022-09-23 | 1 | L:3 152N3 | AL0355011 | 2025-09-22 | 2025-08-27 | 2022-09-23 | Textual |
